| 000 | 00714nam a22002057a 4500 | ||
|---|---|---|---|
| 999 |
_c178291 _d178291 |
||
| 003 | dpl | ||
| 005 | 20210324145633.0 | ||
| 008 | 210324b ||||| |||| 00| 0 eng d | ||
| 010 | _aMAL-9254 | ||
| 020 |
_a978-81-8267-659-6 _c150.00 |
||
| 035 | _aMA-8711 | ||
| 040 | _cDBAD BOOKS | ||
| 082 |
_a920 _bMUL |
||
| 100 | _aമുള്ളർ മാക്സ് | ||
| 245 |
_aശ്രീരാമകൃഷ്ണ പരമഹംസർ _cകെ.പി. സുമതി |
||
| 260 |
_aK.P.Kesavamenon road, kozhikode, keralam, India _bThe Mathrubhumi Printing & Publishing Co. Ltd _c2018 |
||
| 270 |
_aMM Press,Cherootty, road _bkozhikode _ckeralam _dIndia _e673001 |
||
| 300 |
_a144p _c21cm |
||
| 942 |
_2ddc _cMA _mMUL-920 |
||